| 000 | 00740nam a2200229Ia 4500 | ||
|---|---|---|---|
| 001 | 3341 | ||
| 003 | GE_BSU | ||
| 008 | 181216s||||||||xx |||||||||||||| ||und|| | ||
| 040 | _cGE_BSU | ||
| 080 | _a628.1(075.8) | ||
| 100 | _aСироткин,В.П. | ||
| 245 | _aСхемы и расчет водоводов и водопроводных сетей. | ||
| 245 | _bУчебник. | ||
| 245 | _cРед. Л.Б.Гагулаева. | ||
| 250 | _aВторое издание переработанное. | ||
| 260 | _aМ. | ||
| 260 | _bВысшая школа. | ||
| 260 | _c1968. | ||
| 300 | _a271 стр. 20 см. | ||
| 653 | _aСхемы и расчет водоводов и водопроводных сетей. | ||
| 942 | _cBK | ||
| 999 |
_c37382 _d37382 |
||